000 01069cab a2200349 4500
001 ABS59467
008 090401t1998 xxu||||| |||| 00| 0 eng d
035 _a(Sirsi) u89468
041 _aeng
245 _aPFI focus
260 _c1998
350 _a0
490 _aMunicipal Journal
_v30 October 1998, 17-38(20)
520 _aIn-depth review of the PFI, analysing its future, current pitfalls, value of partnerships, the differences between private and public sectors, why it is at odds with best value, PFI in social housing, and joint ventures.
650 _aBEST VALUE
650 _aFINANCIAL SECTOR
650 _aFUTURE
650 _aINVESTMENT OPPORTUNITIES
650 _aJOINT VENTURES
650 _aLOCAL GOVERNMENT
650 _aPARTNERSHIPS
650 _aPFI
650 _aPRIVATE SECTOR
650 _aProcurement-old
650 _aPUBLIC SECTOR
650 _aRISK ANALYSIS
650 _aSOCIAL HOUSING
650 _aVALUE FOR MONEY
690 _aPROPERTY-PROPERTY FINANCE AND INVESTMENT
942 _n0
948 _c04/11/1998
999 _c56607
_d56607